| 000 | 00354nam a2200145Ia 4500 | ||
|---|---|---|---|
| 008 | 240624s9999 xx 000 0 und d | ||
| 041 | _aeng | ||
| 082 | _a005.4 FIE | ||
| 100 | _aFIELD ANDY | ||
| 245 | _aDISCOVERING STATISTICS USING IBM SPSS ST | ||
| 250 | _a(4th ed.) | ||
| 260 |
_c2013 _bSage International |
||
| 300 | _a952 : p. | ||
| 365 |
_cGBP _b38 |
||
| 999 |
_c24046 _d24046 |
||